Capitals de Comarques de Catalunya - Estadísticas

Estadísticas generales
  • Esta prueba ha sido intentada 1.529 veces
  • La puntuación promedio es 29 de 43
Estadísticas de respuestas
Comarca Capital % Correcto
Barcelonès Barcelona
94%
Gironès Girona
93%
Tarragonès Tarragona
93%
Maresme Mataró
89%
Moianès Moià
87%
Solsonès Solsona
87%
Osona Vic
86%
Vallès Occidental Terrassa / Sabadell
85%
Segrià Lleida
80%
Berguedà Berga
79%
Vallès Oriental Granollers
76%
Ripollès Ripoll
76%
Bages Manresa
74%
Alt Empordà Figueres
72%
La Cerdanya Puigcerdà
72%
Montsià Amposta
71%
Anoia Igualada
71%
Baix Llobregat Sant Feliu de Llobregat
70%
La Garrotxa Olot
69%
Baix Ebre Tortosa
69%
El Pla de l'Estany Banyoles
66%
Alt Penedès Vilafranca del Penedès
66%
Pallars Sobirà Sort
65%
Pallars Jussà Tremp
65%
Garraf Vilanova i la Geltrú
65%
Baix Camp Reus
62%
Vall d'Aran Vielha e Mijaran
62%
Ribera d'Ebre Móra d'Ebre
60%
Baix Empordà La Bisbal d'Empordà
59%
La Noguera Balaguer
56%
El Priorat Falset
56%
l'Alt Urgell La Seu d'Urgell
56%
Baix Penedès El Vendrell
55%
Alt Camp Valls
55%
La Conca de Barberà Montblanc
53%
Lluçanès Prats de Lluçanés
50%
La Segarra Cervera
48%
Terra Alta Gandesa
48%
Garrigues Les Borges Blanques
48%
La Selva Santa Coloma de Farners
48%
Alta Ribagorça El Pont de Suert
46%
El Pla d'Urgell Mollerussa
45%
l'Urgell Tàrrega
45%
No se encontraron pruebas coincidentes
Distribución de puntuación
Porcentaje de gente con cada puntuación
Porcentaje por número respondido
Historial de tus puntuaciones
No has intentado esta prueba.